Политическая культура молодежи: вопросы теории и методологии исследования: сборник научных трудов

Bibliographische Detailangaben
Körperschaft: Высшая комсомольская школа (ВКШ) при ЦК ВЛКСМ
Weitere Verfasser: Шендрик А. И. (редактор)
Sprache:Russisch
Veröffentlicht: Москва, Изд-во ВКШ, 1986
Schlagworte:
Format: MixedMaterials Buch
KOHA link:https://koha.lib.tpu.ru/cgi-bin/koha/opac-detail.pl?biblionumber=266709

MARC

LEADER 00000nam0a2200000 4500
001 266709
005 20231101234026.0
035 |a (RuTPU)RU\TPU\book\289729 
090 |a 266709 
100 |a 20140714d1986 k y0rusy50 ca 
101 0 |a rus 
102 |a RU 
105 |a y z 000zy 
200 1 |a Политическая культура молодежи: вопросы теории и методологии исследования  |e сборник научных трудов  |f Высшая комсомольская школа (ВКШ) при ЦК ВЛКСМ ; под ред. А. И. Шендрика 
210 |a Москва  |c Изд-во ВКШ  |d 1986 
215 |a 142 с. 
606 1 |a Политическая культура  |2 stltpush  |3 (RuTPU)RU\TPU\subj\72598  |9 86039 
606 1 |a Идеологическая работа ВЛКСМ  |2 stltpush  |3 (RuTPU)RU\TPU\subj\12183  |9 39015 
610 1 |a методология 
610 1 |a теория 
610 1 |a советская молодежь 
610 1 |a СМИ 
610 1 |a политическая активность 
610 1 |a музыка 
610 1 |a буржуазные концепции 
686 |a Ф011.6  |v LBC/SL-A  |2 rubbk 
686 |a Ф75(2)15  |v LBC/SL-A  |2 rubbk 
702 1 |a Шендрик  |b А. И.  |4 340 
712 0 2 |a Высшая комсомольская школа (ВКШ) при ЦК ВЛКСМ  |2 stltpush  |3 (RuTPU)RU\TPU\col\18171 
801 1 |a RU  |b 63413507  |c 20140714 
801 2 |a RU  |b 63413507  |c 20160204  |g RCR 
942 |c BK